[Event "GRE-ch U20"]
[Site "Chania"]
[Date "2017.01.05"]
[Round "5"]
[White "Abelakiotis, Stavros"]
[Black "Alygizakis, Apostolos"]
[Result "1-0"]
[WhiteElo "1980"]
[BlackElo "1365"]
[PlyCount "63"]
[EventDate "2017.01.02"]
[EventType "swiss"]
[EventRounds "9"]
[EventCountry "GRE"]
[SourceTitle "EXT 2024"]
[Source "ChessBase"]
[SourceDate "2023.10.10"]
[SourceVersion "1"]
[SourceVersionDate "2023.10.10"]
[SourceQuality "1"]

1. e4 c5 2. Nf3 e6 3. d4 cxd4 4. Nxd4 Nf6 5. Nc3 d6 6. g4 h6 7. h4 e5 8. Bb5+ Bd7 9. Bxd7+ Qxd7 10. Nf5 g6 11. Nxh6 Bxh6 12. g5 Bg7 13. gxf6 Bxf6 14. Nd5 Be7 15. Qf3 Rxh4 16. Rxh4 Bxh4 17. Qh1 Qd8 18. Be3 Nc6 19. 0-0-0 Bg5 20. Bxg5 Qxg5+ 21. f4 Qd8 22. Qh8+ Kd7 23. Qh3+ Ke8 24. fxe5 Nxe5 25. Nc7+ Qxc7 26. Qh8+ Kd7 27. Qxa8 Qb6 28. Qf8 Qe3+ 29. Kb1 Qc5 30. Qg7 Kc6 31. Qf6 a6 32. a3 1-0

[Event "GRE-ch U20"]
[Site "Chania"]
[Date "2017.01.04"]
[Round "2"]
[White "Alygizakis, Apostolos"]
[Black "Christodoulakis, Michail"]
[Result "1-0"]
[WhiteElo "1365"]
[BlackElo "1086"]
[PlyCount "49"]
[EventDate "2017.01.02"]
[EventType "swiss"]
[EventRounds "9"]
[EventCountry "GRE"]
[SourceTitle "EXT 2024"]
[Source "ChessBase"]
[SourceDate "2023.10.10"]
[SourceVersion "1"]
[SourceVersionDate "2023.10.10"]
[SourceQuality "1"]

1. e4 e5 2. Nf3 Nc6 3. d4 exd4 4. Nxd4 Nf6 5. Nxc6 bxc6 6. e5 Qe7 7. Qe2 Nd5 8. c4 Nb6 9. b3 Ba6 10. Bb2 d6 11. Nd2 0-0-0 12. g3 Bb7 13. Bg2 c5 14. Bxb7+ Kxb7 15. 0-0 h5 16. h4 Rh6 17. a4 a5 18. Rfe1 g5 19. Qf3+ d5 20. cxd5 Nxd5 21. hxg5 Qxg5 22. Nc4 Rd7 23. Bc1 Qg6 24. Bxh6 Bxh6 25. e6 1-0

[Event "GRE-ch U20"]
[Site "Chania"]
[Date "2017.01.02"]
[Round "1"]
[White "Kouskoutis, Georgios Alexandros"]
[Black "Alygizakis, Apostolos"]
[Result "1-0"]
[WhiteElo "2276"]
[BlackElo "1365"]
[PlyCount "65"]
[EventDate "2017.01.02"]
[EventType "swiss"]
[EventRounds "9"]
[EventCountry "GRE"]
[SourceTitle "EXT 2024"]
[Source "ChessBase"]
[SourceDate "2023.10.10"]
[SourceVersion "1"]
[SourceVersionDate "2023.10.10"]
[SourceQuality "1"]

1. c4 Nf6 2. Nc3 c5 3. g3 Nc6 4. Bg2 e6 5. Nf3 d5 6. cxd5 Nxd5 7. 0-0 Be7 8. d3 0-0 9. Bd2 b6 10. a3 Bb7 11. Rb1 a5 12. Qa4 Qd7 13. Rfc1 Rfd8 14. Qb3 Rab8 15. Nb5 Ba8 16. Rd1 Na7 17. Nxa7 Qxa7 18. e4 Nf6 19. Bf4 Rbc8 20. Rbc1 a4 21. Qc4 Qa5 22. Bd2 Qa7 23. Bh3 Rd7 24. Ne5 Rd4 25. Qxd4 cxd4 26. Rxc8+ Bf8 27. Bb4 h6 28. Rxf8+ Kh7 29. Rxf7 Qb8 30. Bxe6 Qxe5 31. Bf5+ Kh8 32. Rf8+ Ng8 33. Rxa8 1-0

[Event "GRE-ch U14"]
[Site "Porto Rio"]
[Date "2016.07.04"]
[Round "9"]
[White "Alygizakis, Apostolos"]
[Black "Kormas, Georgios"]
[Result "0-1"]
[WhiteElo "1368"]
[BlackElo "1404"]
[PlyCount "102"]
[EventDate "2016.06.28"]
[EventType "swiss"]
[EventRounds "9"]
[EventCountry "GRE"]
[SourceTitle "CBM 173 Extra"]
[Source "ChessBase"]
[SourceDate "2016.08.29"]
[SourceVersion "1"]
[SourceVersionDate "2016.08.29"]
[SourceQuality "1"]

1. e4 e6 2. d4 d5 3. Nd2 dxe4 4. Nxe4 Bd7 5. Bd3 Bc6 6. Nf3 Nd7 7. 0-0 Ngf6 8. Ng3 Bxf3 9. Qxf3 c6 10. c3 Be7 11. Re1 0-0 12. Ne4 Nxe4 13. Rxe4 Bg5 14. Bxg5 Qxg5 15. Qh3 g6 16. Rg4 Qf6 17. Qg3 Qg7 18. h4 Nf6 19. Rg5 Rad8 20. Qf3 Rfe8 21. Be2 Rd5 22. Qe3 Rxg5 23. hxg5 Nd5 24. Qg3 e5 25. dxe5 Qxe5 26. Qxe5 Rxe5 27. Bf3 Rxg5 28. Rd1 Kg7 29. Rd4 Nb6 30. Re4 Rd5 31. Re7 Rd7 32. Rxd7 Nxd7 33. Kf1 Ne5 34. Be4 Nc4 35. Bc2 Nxb2 36. Ke2 Nc4 37. Kd3 Nd6 38. c4 c5 39. Kc3 b6 40. Kb3 Kf6 41. a4 h6 42. Kc3 Ke5 43. Kd3 g5 44. g3 f5 45. Bd1 Ne4 46. Ke3 f4+ 47. gxf4+ gxf4+ 48. Kf3 Nd2+ 49. Ke2 Nxc4 50. Bb3 Nd6 51. f3 Kd4 0-1

[Event "GRE-ch U18"]
[Site "Chania"]
[Date "2013.01.05"]
[Round "6.15"]
[White "Alygizakis, Apostolos"]
[Black "Georgakopoulos, Nikolaos K"]
[Result "1-0"]
[WhiteElo "1345"]
[BlackElo "1455"]
[PlyCount "77"]
[EventDate "2013.01.02"]
[EventType "swiss"]
[EventRounds "9"]
[EventCountry "GRE"]
[SourceTitle "EXT 2024"]
[Source "ChessBase"]
[SourceDate "2023.10.10"]
[SourceVersion "1"]
[SourceVersionDate "2023.10.10"]
[SourceQuality "1"]

1. e4 c5 2. Nf3 e6 3. d4 cxd4 4. Nxd4 Nf6 5. Nc3 d6 6. Be3 a6 7. f3 b5 8. Qd2 Bb7 9. 0-0-0 Nbd7 10. g4 Nb6 11. g5 Nfd7 12. h4 Rc8 13. h5 b4 14. Nb1 d5 15. Qg2 Bc5 16. Bg1 Be7 17. g6 Bg5+ 18. Nd2 Qf6 19. Kb1 Ne5 20. gxf7+ Nxf7 21. Qg4 Ke7 22. Bh3 Nd8 23. Nxe6 Nxe6 24. Bxb6 Bxd2 25. Rxd2 dxe4 26. fxe4 Rc6 27. Ba5 Rc4 28. Qxe6+ Qxe6 29. Bxe6 Kxe6 30. Re1 Bxe4 31. Rde2 Kf5 32. Rg1 g6 33. hxg6 hxg6 34. b3 Rd4 35. Bb6 Rd5 36. Rf2+ Ke6 37. Re2 Re5 38. Bd4 Bxc2+ 39. Rxc2 1-0

[Event "GRE-ch U18"]
[Site "Chania"]
[Date "2013.01.03"]
[Round "3.22"]
[White "Liodakis, Filippos Markos"]
[Black "Alygizakis, Apostolos"]
[Result "1-0"]
[WhiteElo "1395"]
[BlackElo "1345"]
[PlyCount "53"]
[EventDate "2013.01.02"]
[EventType "swiss"]
[EventRounds "9"]
[EventCountry "GRE"]
[SourceTitle "EXT 2024"]
[Source "ChessBase"]
[SourceDate "2023.10.10"]
[SourceVersion "1"]
[SourceVersionDate "2023.10.10"]
[SourceQuality "1"]

1. e4 c5 2. Nc3 d6 3. Nf3 Nc6 4. d4 cxd4 5. Nxd4 Nf6 6. Bg5 Nd7 7. Bb5 Qb6 8. Be3 Nc5 9. b4 Bd7 10. bxc5 dxc5 11. Bxc6 bxc6 12. Nb3 Qb4 13. Qd2 e5 14. Rd1 Be6 15. 0-0 Be7 16. Rb1 Qc4 17. Na5 Qa6 18. Na4 Rd8 19. Qc3 Qc8 20. Bxc5 Qd7 21. Bxe7 Qxe7 22. Nxc6 Qc7 23. Nxd8 Qxd8 24. Rfd1 Qf6 25. Rb8+ Ke7 26. Qc7+ Bd7 27. Qxd7# 1-0

[Event "GRE-ch U18"]
[Site "Chania"]
[Date "2013.01.03"]
[Round "2.16"]
[White "Papadokokolakis, Panagiotis"]
[Black "Alygizakis, Apostolos"]
[Result "1-0"]
[WhiteElo "1365"]
[BlackElo "1345"]
[PlyCount "191"]
[EventDate "2013.01.02"]
[EventType "swiss"]
[EventRounds "9"]
[EventCountry "GRE"]
[SourceTitle "EXT 2024"]
[Source "ChessBase"]
[SourceDate "2023.10.10"]
[SourceVersion "1"]
[SourceVersionDate "2023.10.10"]
[SourceQuality "1"]

1. e4 c5 2. Nf3 d6 3. d4 cxd4 4. Nxd4 Nf6 5. Nc3 e6 6. Bd3 a6 7. 0-0 b5 8. h3 Qc7 9. Kh1 Bb7 10. Qe2 Be7 11. Bd2 Nbd7 12. Rfe1 Ne5 13. Rac1 Rc8 14. a3 Nc4 15. Bxc4 Qxc4 16. Nb3 Qxe2 17. Rxe2 0-0 18. f3 Nh5 19. Kh2 Bh4 20. Be1 Bxe1 21. Rexe1 Nf4 22. Rcd1 Rfd8 23. Rd2 Ng6 24. Red1 Ne5 25. Na5 Ba8 26. Rxd6 Rxd6 27. Rxd6 Nc6 28. Nxc6 Bxc6 29. Kg3 Kf8 30. Kf4 Ke7 31. Rd2 Kf6 32. Ne2 a5 33. c3 h5 34. Ng3 g5+ 35. Ke3 h4 36. Ne2 Kg6 37. Rd6 Be8 38. Ra6 a4 39. Rb6 Rc4 40. Nd4 Rc5 41. Kd3 Kf6 42. Ke3 Ke5 43. Rb8 Bd7 44. Rb7 Be8 45. Re7 Rc8 46. Rb7 Rc5 47. Rb8 Bd7 48. Rg8 f6 49. Rg7 Bc8 50. Rg8 Bb7 51. Rb8 Ba6 52. Rb6 Bc8 53. Rxb5 Rxb5 54. Nxb5 f5 55. exf5 exf5 56. Nd4 f4+ 57. Kd3 Ba6+ 58. c4 Kd6 59. Kc3 Kc5 60. Ne6+ Kd6 61. Nxg5 Kc5 62. Ne6+ Kd6 63. Nxf4 Kc5 64. Ng6 Bxc4 65. Nxh4 Bf1 66. f4 Kd6 67. Kb4 Ba6 68. Kxa4 Bc8 69. g4 Ke6 70. f5+ Kf6 71. Nf3 Bb7 72. Ng1 Kg5 73. b4 Kf6 74. Kb5 Bg2 75. Kc5 Bf1 76. b5 Bd3 77. a4 Be4 78. a5 Bh1 79. Kd6 Bg2 80. a6 Bh1 81. b6 Bg2 82. b7 Bxb7 83. axb7 Kg5 84. b8Q Kh4 85. Qh8+ Kg3 86. f6 Kf2 87. f7 Kxg1 88. f8R Kg2 89. Qb2+ Kg3 90. Qc3+ Kh4 91. Qf6+ Kg3 92. Qf4+ Kh4 93. g5+ Kh5 94. Qf3+ Kxg5 95. Qg4+ Kh6 96. Rh8# 1-0